000 00597nam a22002297a 4500
008 150716b xxu||||| |||| 00| 0 alb d
020 _a9789951437301
041 0 _aalb
080 _a72
_a711.4
100 _aBeqaj, Binak ;
245 _aZhvillimi urban :
_cBinak Beqaj.
260 _aPrishtinë :
_bUBT;
_c2015.
300 _a214 f. :
_bme il. me ngjyra ;
_c24 cm.
500 _aParathënie: f. 3
650 0 _aUrbanizmi
650 0 _aZhvillimi
650 0 _aPlaniikimi
650 0 _aDizajni
650 0 _aProjektimi
650 0 _aNdërtimi
942 _2udc
_cBK
999 _c1122
_d1122